00604 2200229 4500001002100000005001500021035002000036007000300056008004100059020000600100082001000106084001600116100003000132245004000162250000600202260005600208300002700264650001200291650002000303856002800323990002300351INLIS00000000000674020231129105426 a0010-1123000034ta231129 0 ind  a- a330.3 a330.3 DEP g0 aDepertemen Luar Negeri AS1 aGaris Besar Ekonomi Amerika Serikat a- aAmerika Serikat :bDepertemen Luar Negeri AS,c1981 a180p. :bilus ;c20 cm 4aEkonomi 4aAmerika Serikat aPerpustakaan BSIP Jatim a420/BSIPJATIM/2023